Standard handbook of lubrication engineering (Record no. 58163)

MARC details
000 -LEADER
fixed length control field 00599nam a2200169 a 4500
008 - FIXED-LENGTH DATA ELEMENTS--GENERAL INFORMATION
fixed length control field 120416s1968 ||||||||||||||||| || u
020 ## - INTERNATIONAL STANDARD BOOK NUMBER
International Standard Book Number 0070476055
050 ## - LIBRARY OF CONGRESS CALL NUMBER
Classification number TJ 1077 Sta.
100 ## - MAIN ENTRY--PERSONAL NAME
Personal name Avallone, Eugene A
245 10 - TITLE STATEMENT
Title Standard handbook of lubrication engineering
Statement of responsibility, etc. edited by James J O'Connor
260 ## - PUBLICATION, DISTRIBUTION, ETC.
Place of publication, distribution, etc. New York
Name of publisher, distributor, etc. McGraw-Hill
Date of publication, distribution, etc. 1968
300 ## - PHYSICAL DESCRIPTION
Extent 1 vol. (in various paging : ill.
350 ## - PRICE (NR) (BK AM CF MU VM SE) [OBSOLETE]
Price 0.00
700 ## - ADDED ENTRY--PERSONAL NAME
Personal name O'Connor, James J
700 ## - ADDED ENTRY--PERSONAL NAME
Personal name Boyd, J
995 ## - RECOMMENDATION 995 [LOCAL, UNIMARC FRANCE]
-- 0.00
-- CBU-MAIN LIBRARY (Kitwe)
-- 1
-- 24.00
-- 1
-- REFERENCE
-- Reference Collection
Holdings
Withdrawn status Lost status Source of classification or shelving scheme Damaged status Not for loan Home library Current library Shelving location Date acquired Total Checkouts Full call number Barcode Date last seen Price effective from Koha item type
          CBU-MAIN LIBRARY, KITWE. CBU-MAIN LIBRARY, KITWE.   11/30/2022   TJ 1077 Sta. 023317 11/30/2022 11/30/2022 MONOGRAPH